书目信息 |
| 题名: |
健康保险学
|
|
| 作者: | 黄占辉 , 王汉亮 主编 | |
| 分册: | ||
| 出版信息: | 北京 北京大学出版社 2006 |
|
| 页数: | 369页 | |
| 开本: | 23cm | |
| 丛书名: | ||
| 单 册: | ||
| 中图分类: | F840.62 | |
| 科图分类: | ||
| 主题词: | 健康保险--高等学校--教材 , 健康保险 | |
| 电子资源: | ||
| ISBN: | 7-301-10009-4 | |
| 000 | 01014nam0 2200277 450 | |
| 001 | 012007814186 | |
| 005 | 20070517090315.50 | |
| 010 | @a7-301-10009-4@dCNY30.00 | |
| 100 | @a20070514d2006 km y0chiy0120 ea | |
| 101 | 0 | @achi |
| 102 | @aCN@b110000 | |
| 105 | @ay z 000yy | |
| 106 | @ar | |
| 200 | 1 | @a健康保险学@Ajian kang bao xian xue@f黄占辉,王汉亮主编@Fhuang zhan hui,wang han liang zhu bian |
| 210 | @a北京@c北京大学出版社@d2006 | |
| 215 | @a369页@d23cm | |
| 300 | @a21世纪经济与管理新兴学科教材国家医学发展研究中心推荐教材 | |
| 330 | @a本书将健康教育、健康管理的理念植入健康保险之中,并力争使其成为主导性观念,准确介绍了健康保险的基本知识,以商业健康保险为主,同时兼有社会医疗保险,是一本全面介绍有关健康保险的综合性教材。 | |
| 510 | 1 | @aHealth insurance@zeng |
| 606 | 0 | @a健康保险@x高等学校@j教材 |
| 606 | 0 | @a健康保险 |
| 690 | @aF840.62@v4 | |
| 701 | 0 | @a黄占辉@Ahuang zhan hui@4主编 |
| 701 | 0 | @a王汉亮@Awang han liang@4主编 |
| 801 | 0 | @aCN@bRULIN@c20070517 |
| 905 | @dF840.62@e21@s8 | |
| 健康保险学/黄占辉,王汉亮主编.-北京:北京大学出版社,2006 |
| 369页;23cm |
| 21世纪经济与管理新兴学科教材国家医学发展研究中心推荐教材 |
| ISBN 7-301-10009-4:CNY30.00 |
| 本书将健康教育、健康管理的理念植入健康保险之中,并力争使其成为主导性观念,准确介绍了健康保险的基本知识,以商业健康保险为主,同时兼有社会医疗保险,是一本全面介绍有关健康保险的综合性教材。 |
| ● |
| 相关链接 |
|
|
|
|
正题名:健康保险学
索取号:F840.62/21
 
预约/预借
| 序号 | 登录号 | 条形码 | 馆藏地/架位号 | 状态 | 备注 |
| 1 | 0577437 | 205774376 | 第一样本阅览室/ [索取号:F840.62/21] | 在馆 | |
| 2 | 0577438 | 205774385 | 第一借阅区/ [索取号:F840.62/21] | 在馆 | |
| 3 | 0577439 | 205774394 | 第一借阅区/ [索取号:F840.62/21] | 在馆 | |
| 4 | 0577440 | 205774401 | 第一借阅区/ [索取号:F840.62/21] | 在馆 | |
| 5 | 0577441 | 205774410 | 第一借阅区/ [索取号:F840.62/21] | 在馆 | |
| 6 | 0577442 | 205774429 | 密集书库/ [索取号:F840.62/21] | 在馆 | |
| 7 | 0577443 | 205774438 | 密集书库/ [索取号:F840.62/21] | 在馆 | |
| 8 | 0577444 | 205774447 | 密集书库/ [索取号:F840.62/21] | 在馆 |